000 00536nam a2200217Ia 4500
003 OSt
005 20220928135331.0
006 a|||||r|||| 00| 0
007 ta
008 220927b |||||||| |||| 00| 0 eng d
024 _a1203
037 _cTextual
040 _aSDCL
_cSDCL
_beng
041 _2eng
_aeng
082 _aO-jN17, N7
100 _aRana S S Ed.
_9489796
245 0 _aSarup Singh
_b A living legend
260 _c1997
942 _hO-jN17, N7
_cTEXL
_2CC
999 _c805101
_d805101